Making sense of death, dying and bereavement : (Record no. 9201)

MARC details
000 -LEADER
fixed length control field 01724cam a22004814a 4500
001 - CONTROL NUMBER
control field 15212397
003 - CONTROL NUMBER IDENTIFIER
control field OSt
005 - DATE AND TIME OF LATEST TRANSACTION
control field 20240716125425.0
008 - FIXED-LENGTH DATA ELEMENTS--GENERAL INFORMATION
fixed length control field 080310s2009 cau b 001 0 eng d
010 ## - LIBRARY OF CONGRESS CONTROL NUMBER
LC control number 2008924657
015 ## - NATIONAL BIBLIOGRAPHY NUMBER
National bibliography number GBA8A1570
Source bnb
016 7# - NATIONAL BIBLIOGRAPHIC AGENCY CONTROL NUMBER
Record control number 014697963
Source Uk
020 ## - INTERNATIONAL STANDARD BOOK NUMBER
International Standard Book Number 9781847875112 (hbk.)
020 ## - INTERNATIONAL STANDARD BOOK NUMBER
International Standard Book Number 1847875114 (hbk.)
020 ## - INTERNATIONAL STANDARD BOOK NUMBER
International Standard Book Number 1847875122 (pbk.)
020 ## - INTERNATIONAL STANDARD BOOK NUMBER
International Standard Book Number 9781847875129 (pbk.)
035 ## - SYSTEM CONTROL NUMBER
System control number (OCoLC)ocn228363580
040 ## - CATALOGING SOURCE
Original cataloging agency UKM
Transcribing agency UKM
Modifying agency BTCTA
-- BAKER
-- YDXCP
-- BWK
-- BWKUK
-- BWX
-- VP@
-- DLC
042 ## - AUTHENTICATION CODE
Authentication code ukscp
-- lccopycat
082 ## - DEWEY DECIMAL CLASSIFICATION NUMBER
Classification number 306.9 MAK 2009
245 00 - TITLE STATEMENT
Title Making sense of death, dying and bereavement :
Remainder of title an anthology /
Statement of responsibility, etc. edited by Sarah Earle, Caroline Bartholomew and Carol Komaromy.
260 ## - PUBLICATION, DISTRIBUTION, ETC. (IMPRINT)
Place of publication, distribution, etc. Los Angeles ;
-- London :
Name of publisher, distributor, etc. SAGE,
Date of publication, distribution, etc. 2009.
300 ## - PHYSICAL DESCRIPTION
Extent xiv, 210 p. ;
Dimensions 24 cm.
500 ## - GENERAL NOTE
General note Published in association with the Open University.
504 ## - BIBLIOGRAPHY, ETC. NOTE
Bibliography, etc Includes bibliographical references and index.
650 #0 - SUBJECT ADDED ENTRY--TOPICAL TERM
Topical term or geographic name as entry element Death
General subdivision Social aspects.
9 (RLIN) 18770
650 #0 - SUBJECT ADDED ENTRY--TOPICAL TERM
Topical term or geographic name as entry element Bereavement
General subdivision Social aspects.
9 (RLIN) 18771
650 #0 - SUBJECT ADDED ENTRY--TOPICAL TERM
Topical term or geographic name as entry element Death in popular culture.
9 (RLIN) 18772
650 #0 - SUBJECT ADDED ENTRY--TOPICAL TERM
Topical term or geographic name as entry element Death in literature.
9 (RLIN) 18773
650 #0 - SUBJECT ADDED ENTRY--TOPICAL TERM
Topical term or geographic name as entry element Death in mass media.
9 (RLIN) 18774
650 #0 - SUBJECT ADDED ENTRY--TOPICAL TERM
Topical term or geographic name as entry element Death in art.
9 (RLIN) 18775
650 #0 - SUBJECT ADDED ENTRY--TOPICAL TERM
Topical term or geographic name as entry element Bereavement in literature.
9 (RLIN) 18776
650 #0 - SUBJECT ADDED ENTRY--TOPICAL TERM
Topical term or geographic name as entry element Bereavement in art.
9 (RLIN) 18777
650 #0 - SUBJECT ADDED ENTRY--TOPICAL TERM
Topical term or geographic name as entry element Grief in literature.
9 (RLIN) 18778
650 #0 - SUBJECT ADDED ENTRY--TOPICAL TERM
Topical term or geographic name as entry element Grief in art.
9 (RLIN) 18779
700 1# - ADDED ENTRY--PERSONAL NAME
Personal name Earle, Sarah,
Dates associated with a name 1972-
9 (RLIN) 18780
700 1# - ADDED ENTRY--PERSONAL NAME
Personal name Bartholomew, Caroline.
9 (RLIN) 18781
700 1# - ADDED ENTRY--PERSONAL NAME
Personal name Komaromy, Carol,
Dates associated with a name 1948-
9 (RLIN) 18782
710 2# - ADDED ENTRY--CORPORATE NAME
Corporate name or jurisdiction name as entry element Open University.
9 (RLIN) 2170
906 ## - LOCAL DATA ELEMENT F, LDF (RLIN)
a 7
b cbc
c copycat
d 2
e ncip
f 20
g y-gencatlg
942 ## - ADDED ENTRY ELEMENTS (KOHA)
Source of classification or shelving scheme Dewey Decimal Classification
Koha item type Open Shelf
Holdings
Withdrawn status Lost status Source of classification or shelving scheme Damaged status Not for loan Home library Current library Date acquired Source of acquisition Inventory number Total Checkouts Full call number Barcode Date last seen Price effective from Koha item type
    Dewey Decimal Classification     MUST Main Library MUST Main Library 16/07/2024 Donation 2010/32777   306.9 MAK 2009 2024-21987 16/07/2024 16/07/2024 Open Shelf